[Event "BCF-ch U140"]
[Site "Aberystwyth"]
[Date "2014.07.22"]
[Round "2"]
[White "Marshall, Graham R"]
[Black "Glover, Gordon L"]
[Result "1/2-1/2"]
[WhiteElo "103"]
[BlackElo "122"]
[PlyCount "74"]
[EventDate "2014.07.21"]
[EventType "swiss"]
[EventRounds "5"]
[EventCountry "WLS"]
[SourceTitle "EXT 2017"]
[Source "ChessBase"]
[SourceDate "2016.10.25"]
[SourceVersion "1"]
[SourceVersionDate "2016.10.25"]
[SourceQuality "1"]

1. e4 e6 2. Nf3 d5 3. exd5 exd5 4. d4 Bd6 5. c3 Nf6 6. Bg5 0-0 7. Be2 Bg4 8. 0-0 Re8 9. Nbd2 Nbd7 10. Re1 c6 11. Bd3 Rxe1+ 12. Qxe1 Qc7 13. h3 Bh5 14. Rc1 Re8 15. Qf1 Bg6 16. Bxg6 hxg6 17. Re1 Qc8 18. c4 Bb8 19. cxd5 Rxe1 20. Qxe1 cxd5 21. Nb3 Bd6 22. Qd2 Ne4 23. Qc1 Qxc1+ 24. Bxc1 b6 25. Nbd2 Bf4 26. Nb3 Bh6 27. Be3 f5 28. g3 Bxe3 29. fxe3 Nxg3 30. Ng5 Nf8 31. Kg2 Ne4 32. Nxe4 fxe4 33. Kg3 Kf7 34. Na1 g5 35. Nc2 Nd7 36. Nb4 Nf6 37. Nc6 a6 1/2-1/2